Quizzes
Events
Quiz Creation
Community
Videos
Private Events
Remove Ads
Sign In
Join for FREE
Feedback
Dark Mode
Quiz Categories
Sports
Geography
Music
Movies
Television
Just For Fun
Miscellaneous
History
Literature
Language
Science
Gaming
Entertainment
Religion
Holiday
For Kids
Quiz Lab
Recent
Popular Today
Quiz Kudos Today
Editor Picks
Curator Picks
Quizzes by...
Day
Popularity
Type
Ratings
Length
Year
Community
Subscriptions
Recent Discussions
Orange Saloon
Badges
Playlists
Quests
Create
Leaderboards
Showdown
Live 5
Trivia Bingo
Activity
Puzzle Library
Sporcle Events
Private Events
Virtual Trivia
Globe League
Become a Host
Pub Owners
SporcleCon
Opinionation
Our Games
Videos
Blog
Mobile Apps
Partnerships
Remove Ads and Go Orange
Feedback
Literature
Harry Potter
A Song of Ice and Fire
The Hunger Games
Literary Character
Shakespeare
Book
Author
Novel
Poem
Young Adult
Children's Books
Play
Lord of the Rings
Literature
Harry Potter
A Song of Ice and Fire
The Hunger Games
Literary Character
Shakespeare
Book
Author
Novel
Poem
Young Adult
Children's Books
Play
Lord of the Rings
Random Quiz
Search Sporcle
×
Quiz Lab
Quiz Lab
Literature
Type in answers that appear in a list
Type in answers that appear in a list
Classic
Best Score? Go Orange.
Aubrey and Maturin Facts Stats
Can you name the Aubrey and Maturin Facts?
By
MM21
5m
21 Questions
123 Plays
123 Plays
123 Plays
Comments
Comments
Give Quiz Kudos
Give Quiz Kudos
-
- Ratings
hide this ad
Replay
Link that replays current quiz
Next Quiz
Link to next quiz in quiz playlist
You Got
0%
They Got
Avg Score
52%
Avg Friend Score
Upgrade to see
Score Distribution
Jump to the score distribution portion of the page
Score
0/21
Timer
05:00
0
Plays Today
Hint
Answer
% Correct
What was the name of Jack's first command?
HMS Sophie
97.6%
What instrument does Stephen play?
Cello
82.1%
What was the name of the Spanish ship captured in Master and Commander?
Cacafuego
75.6%
Who was Steven's and Jack's shared love interest?
Diana Villiers
70.7%
What is the color of the flag jack Aubrey is to hoist at the end of book 20?
Blue
66.7%
What is the name of Jack's longtime coxswain?
Barrett Bonden
64.2%
What was the name of the ship that took Aubrey to Desolation Island?
HMS Leopard
63.4%
Where did Jack meet Stephen?
Port Mahon
62.6%
Who is Jack's shrewish steward?
Preserved Killick
58.5%
What is the name of the inn in the Liberties of the Savoy in which Stephen keeps a room year-
round?
The Grapes
58.5%
Who was the First Lieutenant on said ship?
James Dillon
57.7%
Hint
Answer
% Correct
What is the name of Stephen's servant and loblolly boy?
Padeen Colman
53.7%
Who did Jack marry?
Sophia Willams
49.6%
Who is Stephen's contact at the Admiralty?
Sir Joseph Blaine
45.5%
What is Jack's favorite dish?
Soused hog's face
43.9%
What is the title of the unfinished book published after O'Brian's death?
21
33.3%
What is the name of Jack's oldest son?
Sam Panda
30.1%
What is the name of the promiscuous young officer who first served under Jack in the Sophie?
William Babbington
30.1%
What is Jack's favorite pudding?
Spotted Dog
26.8%
What was the name of Jack's flagship in the Mauritius Command>
HMS Raisonable
20.3%
Who is the young officer who has sweet oil waiting when Stephen comes on board?
Thomas Pullings
19.5%
Quiz Playlist
Details
Report
Send in Message
Add To Playlist
Classic:
Type in answers that appear in a list
Last Updated: Sep 20, 2017
Quiz Scoreboard
CHALLENGE
Sign Up to Join the Scoreboard
Show All
Scores
Hide
Comments
May contain spoilers
Recently Published
College Basketball Coaching Resumes
by pancakes188
Sports
9m
Billboard Blitz: Fleetwood Mac
by CooCooCachoo
Music
15s
Presidents Visiting Landmarks
by Hejman
History
7m
More to Explore
Quiz From the Vault
Featured Blog Post
Where Did the Easter Bunny Come From?
hide this ad
You Might Also Like...
Tags
This quiz does not have any tags.
Today's Top Quizzes in Literature
Browse Literature
hide this ad
Top Contributed Quizzes in Literature
1
Sneaky Slytherin Logic Puzzle
2
Get The Picture: Black or White Literature
3
5-to-1: Plays
4
A Court of Thorns and Roses (ACoTaR) Logic Puzzle
5
One Thing in Common: Literature
6
One Thing in Common: Literature 3
7
One Thing in Common: Literature II
8
One Thing in Common: Books
9
Literary Siblings Odd One Out III
10
Harry Potter Neighbourly Logic Puzzle #1
Explore More
Trending Topics
Marvel
Crossword
Kpop
Anime
Disney
NBA
Harry Potter
Country
Puzzle
NFL
WWE
The Office
Soccer
Song
Pokémon
hide this ad
More By:
MM21
Quiz
Plays
Rating
Category
Featured
Created
Aubrey and Maturin Facts
123
3.67
Literature
Sep 19, 2017
US Open 9 Ball Champions
12
Sports
Nov 22, 2020
Women's US Open 9 Ball Champions
2
Sports
Nov 22, 2020
Go to Creator's Profile
Score Distribution
Quiz Creator Spotlight
MM21
Follow
Send a Message
Quizzes Created
-
Created Quiz Play Count
-
More By This Creator
Popular Quizzes Today
1
Find the US States - No Outlines Minefield
2
Find the Countries of Europe - No Outlines Minefield
3
The Countries of the World
4
Find the US States
5
Risky Map Clicking: Biggest States A-Z
6
US States
7
Popular People in 1961
8
Movies - When Are They Set?
More Literature Quizzes
Shakespearean Lovers
Published
Trending Quizzes
Risky Map Clicking: Least Populous States A-Z
1-10 Letter G Words
1-10 Letter F Words
Risky Map Clicking: Next State Alphabetically
Risky Map Clicking: Biggest States A-Z
Recently Updated
Leaping Animals
pecheneg
Reality TV Shows (A-Z)
bhenderson79
Rickey Henderson's Hall of Fame Teammates
pecheneg
Champions League XIs: Arsenal
pecheneg
Quick Pick: Celebrities in WWE's Hall of Fame
aduchscher
A-Z Keypad Blitz II
pecheneg
Multiple Oscar Actors
pecheneg
Mystery Phrase Blitz: Oscar 'Best Actors'
pecheneg
F. Scott Fitzgerald Novels
LTH
Pick 3 Villains
ddd62291
Trending Topics
Crossword
Marvel
Anime
NBA
Harry Potter
Kpop
Disney
WWE
Soccer
Country
NFL
Puzzle
Song
Pokémon
The Office
Your Account Isn't Verified!
In order to create a playlist on Sporcle, you need to verify the email address you used during registration. Go to your
Sporcle Settings
to finish the process.
Report this User
Report this user for behavior that violates our
Community Guidelines
.
Details:
Send Report
Go to the Sporcle.com Mobile Site →
Comments